000 01369nam a2200385 i 4500
999 _c65356
_d65356
001 768714001
003 CO-MdFUSB
005 20200317103959.0
007 ta
008 200205t2017 ck |||| |||| 00| 0 spa d
020 _a9789587811094
040 _aCO-MdFUSB
_bspa
_cCO-MdFUSB
_dCO-MdFUSBC
_erda
041 _aspa
082 _223
_a248.22
_bG643m
100 _aGonzález Bernal, Edith.
_eautor
245 1 _aMísticas medievales :
_bel rostro femenino de la teología
_c/ Edith González Bernal
250 _aedición 21
264 1 _aBogotá, Colombia :
_b Pontificia Universidad Javeriana,
_c[2017]
264 4 _c© 2017
300 _a326 páginas
_c; 24 cm
336 _2rdacontent
_atexto
_btxt
337 _2rdamedia
_asin mediación
_bn
338 _2rdacarrier
_avolumen
_bnc
490 1 _aColección Monografias y Tesis
504 _aIncluye referencias Bibliográficas (páginas 309-326).
505 _aLas maestras místicas en la edad Media. -- El pensamiento teológico de las maestras místicas. -- El lenguaje teológico de las maestras místicas.
563 _aRústico
650 0 _9326
_aMujeres
_xAspectos religiosos
_xCristianismo
650 7 _9681
_aTeología feminista
653 _aMisticismo
653 _aRevelación (teología mística)
830 _aColección Monografías y Tesis
_v23
942 _cBK
945 _aJTF-925